00737nam a22002057a 450000500170000001000150001702000260003203500130005803700130007108200100008424501050009426000350019927000530023430000240028750000190031170000250033094200240035599900170037995201350039620141124111500.0 aENG-111287 a9789380261669c750.00 aEN-94819 bDBAD/PUB a330.9 aGlobal financial crisis :cedited by M. N. Bhattacharjee...[et al]bimplications and repercussions / aGuwahatibEBH Publishersc2012 a136, M.L. Nehru Road, PanbazarbGuwahatie781001 axx, 236p.c23cm(Hb) aIncludes index aBhattacharjee, M. N. 2ddccENmGLOh330.9 c90150d90150 001040718NFICaDBADbDBADd2014-11-19eDBAD/PUBg750.00l0o330.9 GLOpEN-94819r2014-11-19 00:00:00t1v750.00w2014-11-19yEN